Central Library OPAC University of Rajshahi

The decay and the restoration of civilization / (Record no. 30620)

MARC details
000 -LEADER
fixed length control field 00917cam a2200277u 4500
001 - CONTROL NUMBER
control field 30620
003 - CONTROL NUMBER IDENTIFIER
rucl marc code BD-RjUL
005 - DATE AND TIME OF LATEST TRANSACTION
control field 20211209051606.0
008 - FIXED-LENGTH DATA ELEMENTS--GENERAL INFORMATION
fixed length control field 140410s19611932enk 000 0 eng
035 ## - SYSTEM CONTROL NUMBER
System control number (BD-RjUL)30706
040 ## - CATALOGING SOURCE
Original cataloging agency DLC
Transcribing agency CarP
Modifying agency DLC
Language of cataloging eng
041 ## - LANGUAGE CODE
Language code of text/sound track or separate title eng
082 ## - DEWEY DECIMAL CLASSIFICATION NUMBER
Classification number 172
Author mark and year SCD 1961
100 1# - MAIN ENTRY--PERSONAL NAME
Personal name Schweitzer, Albert,
Dates associated with a name 1875-1965.
9 (RLIN) 53509
245 14 - TITLE STATEMENT
Title The decay and the restoration of civilization /
Statement of responsibility, etc. Albert Schweitzer
250 ## - EDITION STATEMENT
Edition statement 2d ed.
260 ## - PUBLICATION, DISTRIBUTION, ETC. (IMPRINT)
Place of publication, distribution, etc. London :
Name of publisher, distributor, etc. A. & C. Black, ltd.,
Date of publication, distribution, etc. 1932 [reprinted 1955]
300 ## - PHYSICAL DESCRIPTION
Pagination xvi, 105 p. ;
Size 22 cm.
650 #0 - SUBJECT ADDED ENTRY--TOPICAL TERM
Topical term or geographic name as entry element Civilization
General subdivision History.
9 (RLIN) 93032
700 1# - ADDED ENTRY--PERSONAL NAME
Personal name Campion, Charles Thomas,
Dates associated with a name 1862- [from old catalog]
Relator term tr.
830 #0 - SERIES ADDED ENTRY--UNIFORM TITLE
Uniform title Dale memorial lectures, 1922. [from old catalog]
942 ## - ADDED ENTRY ELEMENTS (KOHA)
Source of classification or shelving scheme Dewey Decimal Classification
Koha item type Books
Holdings
Lost status Source of classification or shelving scheme Damaged status Not for loan Collection code Permanent Location Current Location Shelving location Date acquired Source of acquisition Cost, normal purchase price Total Checkouts Full call number Date last seen Copy number Koha item type
  Dewey Decimal Classification     Non-fiction Central Library, University of Rajshahi Central Library, University of Rajshahi   12/10/1965 Zetlinger 12.60   172 SCD 1955 10/04/2014 C-3 Books
  Dewey Decimal Classification   Not For Loan Non-fiction Central Library, University of Rajshahi Central Library, University of Rajshahi Reading Room 12/10/1965 Zetlinger 12.60   172 SCD 1955 10/04/2014 C-1 Books
  Dewey Decimal Classification     Non-fiction Central Library, University of Rajshahi Central Library, University of Rajshahi   23/06/1965 Eurera 34.13   172 SCD 1961 13/04/2014 C-2 Books